Detective Conan Membre de l'Organisation des Hommes en Noir - Statistiques

Statistiques générales
  • Ce quiz a été pris 417 fois
  • Le résultat moyen est 12 sur 22
Statistiques - réponses
% Correct
Haut-Gradé Vodka
98%
Haut-Gradé Gin
96%
Espion de Police Bourbon
82%
Haut-Gradé vermouth
81%
Espion C.I.A Kir
70%
Haut-Gradé Rum
70%
Sniper Chianti
66%
Sniper Korn
60%
Scientifique Sherry
60%
Cambrioleur (mort) Akemi Miyano
53%
Espion F.B.I Rye
52%
Scientifique (mort) Elena Miyano
50%
Informaticien (mort) Tequila
50%
Collecteur de fonds Pisco
48%
Boss Renya Karasuma
48%
Sniper (mort) Calvado
47%
Scientifique (mort) Atsuyushi Miyano
43%
Espion de Police (mort) Scotch
42%
Espion C.I.A (mort) Ethan Hondo
31%
Ancien Membre Ki'ichiro Numabuchi
16%
Agent de terrains (mort) Rikumichi Kusuda
15%
Espion C.I.A (mort) Barney
8%
Aucun quiz correspondant
Distribution des résultats
% des personnes avec chaque résultat
Percentile par nombre de réponses
Votre historique - résultats
Vous n’avez pas pris ce quiz